<?xml version="1.0" encoding="UTF-8"?>
<marc:record xmlns:marc="http://www.loc.gov/MARC21/slim">
   <marc:leader>00000nam a2200000 a 4500</marc:leader>
   <marc:datafield ind1="1" ind2=" " tag="100">
      <marc:subfield code="a">Krätschmar, Tania</marc:subfield>
      <marc:subfield code="4">aut</marc:subfield>
      <marc:subfield code="e">Verfasser/-in</marc:subfield>
   </marc:datafield>
   <marc:datafield ind1="0" ind2="0" tag="245">
      <marc:subfield code="a">Winterherz</marc:subfield>
   </marc:datafield>
   <marc:datafield ind1="0" ind2="0" tag="245">
      <marc:subfield code="c">Tania Krätschmar</marc:subfield>
   </marc:datafield>
   <marc:datafield ind1=" " ind2="1" tag="264">
      <marc:subfield code="a">München</marc:subfield>
      <marc:subfield code="b">Droemer-Knaur</marc:subfield>
      <marc:subfield code="c">2010</marc:subfield>
   </marc:datafield>
   <marc:datafield ind1="1" ind2=" " tag="520">
      <marc:subfield code="a">Biologin Ella hat eine große Leidenschaft: Wölfe. Ihr großer Traum ist es, Hinweise auf die Tiere in der Schorfheide nordöstlich von Berlin zu finden. Auf einem ihrer Streifzüge lernt sie dabei den zurückhaltenden, geheimnisvollen Sander Engelbrecht kennen. Es beginnt mit einer kleinen Katastrophe &#x96; und entwickelt sich zu einer flammenden Romanze inmitten der Winterlandschaft. Aber Sanders heftige Abneigung gegen die Wölfe bedroht Ellas Glück. Sie ist fest entschlossen, ihn von sich und den Tieren zu überzeugen</marc:subfield>
   </marc:datafield>
   <marc:datafield ind1=" " ind2=" " tag="020">
      <marc:subfield code="a">9783426506653</marc:subfield>
      <marc:subfield code="9">9783426506653</marc:subfield>
   </marc:datafield>
   <marc:datafield ind1=" " ind2=" " tag="020">
      <marc:subfield code="a">3426506653</marc:subfield>
      <marc:subfield code="9">3426506653</marc:subfield>
   </marc:datafield>
   <marc:datafield ind1=" " ind2=" " tag="300">
      <marc:subfield code="a">287 S.</marc:subfield>
   </marc:datafield>
</marc:record>
